000
00188nam a2200085Ia 4500
008
120527s9999 xx 000 0 und d
100
_a
Dolan, et al
245
_a
Micro economics
942
_c
BK
999
_c
27184
_d
27184